00000000nas##2200000za#4500
0019.513124
003CaOODSP
00520250509081807
007ta
008150406c1990||||xxc|| m #||||f|   |0fre|d
020 |a0-660-92538-9
040 |aCaOODSP|bfre
043 |an-cn---
0861 |aM40-49F
1102 |aCommission géologique du Canada.
24510|aGéologie du Canada / |cRédacteur général: J. O. Wheeler.
260 |aOttawa - Ontario : |bRessources naturelles Canada.
7201 |aWheeler, J. O.
77508|tGeology of Canada / |w(CaOODSP)9.514766